000 00982nam0a2200277 4500
001 RU\NLR\bibl\2036604
005 20260406155643.0
010 _a978-5-17-078409-7
_bАСТ
_92000
021 _aRU
_b2013-34810
_92384
035 _a(NLR Aleph) 002024020
090 _a4518294
_c4518294
100 _a20130524d2013 |||y0rusy50 ca
101 1 _arus
_ceng
102 _aRU
105 _aa |||||||||
200 1 _aПраздник, который всегда с тобой
_e[роман]
_fЭрнест Хемингуэй
_g[пер. с англ. В. П. Голышева]
210 _aМосква
_cАСТ
_d2013
215 _a286, [1] с., [8] л. ил., портр., факс.
_d21
225 1 _aЗарубежная классика
333 _a12+
700 1 _4070
_7ca
_8rus
_aХемингуэй
_bЭ.
_f1899-1961
_gЭрнест
_9117806
_3RU\NLR\auth\777882
801 0 _aRU
_bNLR
_c20130524
_gRCR
801 1 _aRU
_bNLR
_c20130524
942 _cBOOK
980 _aNB